MARC

LEADER 00000nlm2a2200000 4500
001 82836
005 20231031095900.0
035 |a (RuTPU)RU\TPU\book\89029 
090 |a 82836 
100 |a 20051007d2005 k y0rusy50 ca 
101 0 |a rus 
102 |a RU 
105 |a y j 000zy 
135 |a vrcn ---uucaa 
181 0 |a i  
182 0 |a b 
200 0 |a Ч. 2: Электричество и магнетизм  |b Электронный ресурс 
203 |a Текст  |c электронный 
210 |a Томск  |d 2005 
230 |a 8 компьютерных файлов (ppt; 6690 KB) 
300 |a Заглавие с титульного экрана 
333 |a Режим доступа: из корпоративной сети ТПУ 
337 |a Windows 2000; PowerPoint 2003. 
461 1 |0 (RuTPU)RU\TPU\book\88942  |t Общий курс физики  |o лекции  |o в 3 частях  |v Ч. 2: Электричество и магнетизм  |a Тюрин, Юрий Иванович 
610 1 |a колебания 
610 1 |a волны 
610 1 |a электродинамика 
610 1 |a уравнения Максвелла 
610 1 |a электростатика 
610 1 |a электрический ток 
610 1 |a контактные явления 
610 1 |a электромагнетизм 
610 1 |a магнитное поле 
610 1 |a лекции 
610 1 |a презентации 
610 1 |a труды учёных ТПУ 
610 1 |a электронный ресурс 
675 |a 53(075.8)  |v 3 
801 1 |a RU  |b 63413507  |c 20051007  |g PSBO 
801 2 |a RU  |b 63413507  |c 20151027  |g PSBO 
856 4 |u http://www.lib.tpu.ru/fulltext2/m/2005/mk36.ppt 
856 4 |u http://www.lib.tpu.ru/fulltext2/m/2005/mk37.ppt 
856 4 |u http://www.lib.tpu.ru/fulltext2/m/2005/mk38.ppt 
856 4 |u http://www.lib.tpu.ru/fulltext2/m/2005/mk39.ppt 
856 4 |u http://www.lib.tpu.ru/fulltext2/m/2005/mk40.ppt 
856 4 |u http://www.lib.tpu.ru/fulltext2/m/2005/mk41.ppt 
856 4 |u http://www.lib.tpu.ru/fulltext2/m/2005/mk42.ppt 
856 4 |u http://www.lib.tpu.ru/fulltext2/m/2005/mk43.ppt 
942 |c CF